How Many Canadian Provinces Can You Name In 15 Seconds - Statistics

General Stats
  • This quiz has been taken 1,280 times
    1,273 since last reset
  • The average score is 4 of 13
Answer Stats
Provinces % Correct
Ontario
68%
Alberta
57%
Quebec
55%
Manitoba
41%
British Columbia
37%
Saskatchewan
30%
Yukon
30%
Nova Scotia
20%
Nunavut
19%
New Brunswick
15%
Newfoundland and Labrador
15%
Prince Edward Island
13%
Northwest Territories
8%
No matching quizzes found
Score Distribution
Percent of People with Each Score
Percentile by Number Answered
Your Score History
You have not taken this quiz since the last reset